000 00336 a2200157 4500
001 188135
020 _a85-262-6442-7
040 _cMagnum
100 _aDrummond, Regina
240 1 0 _aDestino transilvânia
_lpor
245 1 0 _aDestino transilvânia
300 _a246
362 0 _a2006
697 _aLITERATURA GERAL
942 _cBK
999 _c188135
_d188135